LDR 00739naa#a2200169#i#450# 001 RU\\bibl\105890 005 20260703012133.5 011 ## _a2227-1171 100 ## _a20260630b2026####ek#y0rusy0150####ca 102 ## _aRU 200 1# _aГЕНЕЗИС И ЭВОЛЮЦИЯ УКРАИНСКОГО НЕОНАЦИЗМА В ПЕРИОД УТРАТЫ ГОСУДАРСТВЕННОСТИ _eЖурнальная статья 210 1# _aКазань _cКазанский юридический институт МВД России _d2026 215 ## _a6 с. 608 ## _aЖурнальная статья _2local 675 ## _aРазличные общие вопросы. 342.59 _z 700 #1 _aБуткевич _gСергей Анатольевич 856 4# _avestnikkui.ru _u